[Event "Blitz 2018"]
[Site "Saint-Petersburg"]
[Date "2018.12.30"]
[Round "18"]
[Board "86"]
[White "Teterev Vitaly (BLR)"]
[Black "Seliverstov Vladimir (RUS)"]
[Result "0-1"]
[LiveChessVersion "1.4.8"]
[BlackElo "2512"]
[WhiteElo "2397"]

1. e4 {[%clk 0:03:03]} g6 {[%clk 0:03:04]} 2. d4 {[%clk 0:03:04]} Bg7
{[%clk 0:03:05]} 3. Nf3 d6 4. c3 {[%clk 0:03:06]} Nf6 {[%clk 0:03:07]} 5. Bd3
{[%clk 0:03:07]} O-O {[%clk 0:03:08]} 6. O-O {[%clk 0:03:08]} Nbd7
{[%clk 0:03:09]} 7. Re1 {[%clk 0:03:09]} e5 {[%clk 0:03:10]} 8. a4
{[%clk 0:03:07]} Re8 {[%clk 0:03:06]} 9. Na3 {[%clk 0:03:01]} d5 {[%clk 0:02:49]}
10. dxe5 {[%clk 0:01:38]} dxe4 {[%clk 0:01:53]} 11. exf6 {[%clk 0:01:30]} Nxf6
{[%clk 0:01:54]} 12. Bb5 {[%clk 0:01:18]} c6 {[%clk 0:01:53]} 13. Be2
{[%clk 0:00:51]} exf3 {[%clk 0:01:43]} 14. Qxd8 {[%clk 0:00:43]} Rxd8
{[%clk 0:01:44]} 15. Bxf3 {[%clk 0:00:44]} Be6 {[%clk 0:01:42]} 16. Be3
{[%clk 0:00:45]} a5 {[%clk 0:01:36]} 17. Bb6 {[%clk 0:00:44]} Rd2
{[%clk 0:01:37]} 18. Rab1 {[%clk 0:00:34]} Ba2 {[%clk 0:00:55]} 19. Be3
{[%clk 0:00:35]} Rd7 {[%clk 0:00:49]} 20. Rbd1 {[%clk 0:00:34]} Bb3
{[%clk 0:00:40]} 21. Rxd7 {[%clk 0:00:34]} Nxd7 {[%clk 0:00:41]} 22. Bd1
{[%clk 0:00:35]} Be6 {[%clk 0:00:38]} 23. Be2 {[%clk 0:00:30]} Ne5
{[%clk 0:00:37]} 24. Bd4 {[%clk 0:00:28]} Bb3 {[%clk 0:00:34]} 25. Bf1
{[%clk 0:00:23]} Re8 {[%clk 0:00:28]} 26. Re3 {[%clk 0:00:16]} Re6
{[%clk 0:00:27]} 27. Bxe5 {[%clk 0:00:13]} Rxe5 {[%clk 0:00:24]} 28. Rxe5
{[%clk 0:00:12]} Bxe5 {[%clk 0:00:25]} 29. Nc4 {[%clk 0:00:14]} Bc7
{[%clk 0:00:26]} 30. Nd2 {[%clk 0:00:12]} Bxa4 {[%clk 0:00:26]} 31. b3
{[%clk 0:00:13]} Bb5 {[%clk 0:00:26]} 32. c4 {[%clk 0:00:11]} Ba6
{[%clk 0:00:28]} 33. Ne4 {[%clk 0:00:12]} b6 {[%clk 0:00:23]} 34. Bd3
{[%clk 0:00:09]} Kg7 {[%clk 0:00:21]} 35. Kf1 {[%clk 0:00:11]} h6
{[%clk 0:00:23]} 36. Ke2 {[%clk 0:00:12]} f5 {[%clk 0:00:24]} 37. Nc3
{[%clk 0:00:12]} Kf6 {[%clk 0:00:22]} 38. g3 {[%clk 0:00:13]} Ke7
{[%clk 0:00:20]} 39. f4 {[%clk 0:00:13]} Bc8 {[%clk 0:00:16]} 40. Kd2
{[%clk 0:00:12]} Bd7 {[%clk 0:00:15]} 41. Be2 {[%clk 0:00:13]} Kd8
{[%clk 0:00:15]} 42. h4 {[%clk 0:00:11]} h5 {[%clk 0:00:15]} 43. Bf3
{[%clk 0:00:12]} Bd6 {[%clk 0:00:16]} 44. Ne2 {[%clk 0:00:10]} Bc5
{[%clk 0:00:17]} 45. Kd3 {[%clk 0:00:11]} Kc7 {[%clk 0:00:16]} 46. Nd4
{[%clk 0:00:12]} Kd6 {[%clk 0:00:18]} 47. Bd1 {[%clk 0:00:11]} b5
{[%clk 0:00:19]} 48. Bf3 {[%clk 0:00:09]} Bb4 {[%clk 0:00:17]} 49. Nc2
{[%clk 0:00:05]} Kc5 {[%clk 0:00:16]} 50. Bd1 {[%clk 0:00:04]} Be6
{[%clk 0:00:13]} 51. Ne3 {[%clk 0:00:05]} Be1 {[%clk 0:00:13]} 52. cxb5
{[%clk 0:00:03]} Bxg3 {[%clk 0:00:10]} 53. bxc6 {[%clk 0:00:04]} Bxf4
{[%clk 0:00:09]} 54. Bf3 {[%clk 0:00:04]} Bxb3 {[%clk 0:00:09]} 55. Nc2
{[%clk 0:00:00]} 0-1

[Event "Blitz 2018"]
[Site "Saint-Petersburg"]
[Date "2018.12.30"]
[Round "18"]
[Board "93"]
[White "Sokolin Leonid (USA)"]
[Black "Pogosyan Stefan (RUS)"]
[Result "0-1"]
[BlackElo "2330"]
[WhiteElo "2508"]
[LiveChessVersion "1.4.8"]

1. e4 {[%clk 0:03:03]} c5 {[%clk 0:03:03]} 2. Nf3 {[%clk 0:03:04]} Nc6
{[%clk 0:03:05]} 3. Bb5 {[%clk 0:03:05]} g6 {[%clk 0:03:06]} 4. O-O
{[%clk 0:03:05]} Bg7 {[%clk 0:03:07]} 5. Re1 {[%clk 0:03:07]} e5 {[%clk 0:02:59]}
6. Bxc6 {[%clk 0:03:03]} bxc6 {[%clk 0:02:59]} 7. d3 {[%clk 0:03:05]} Ne7
{[%clk 0:02:58]} 8. Be3 {[%clk 0:02:55]} d6 {[%clk 0:02:59]} 9. a3
{[%clk 0:02:56]} O-O 10. b4 cxb4 {[%clk 0:02:52]} 11. axb4 {[%clk 0:02:59]} a5
{[%clk 0:02:46]} 12. Qd2 {[%clk 0:02:52]} Bg4 {[%clk 0:02:13]} 13. bxa5
{[%clk 0:02:41]} Bxf3 {[%clk 0:02:12]} 14. gxf3 {[%clk 0:02:42]} Qd7
{[%clk 0:02:04]} 15. Kg2 {[%clk 0:02:40]} f5 {[%clk 0:01:58]} 16. Bg5
{[%clk 0:02:06]} Nc8 {[%clk 0:02:00]} 17. Bh6 {[%clk 0:01:44]} f4
{[%clk 0:01:30]} 18. Bxg7 {[%clk 0:01:44]} Qxg7 {[%clk 0:01:31]} 19. h4
{[%clk 0:01:38]} Ne7 {[%clk 0:01:31]} 20. Rh1 {[%clk 0:01:39]} Kh8
{[%clk 0:01:26]} 21. Kf1 {[%clk 0:01:38]} Rg8 {[%clk 0:01:22]} 22. Ke2
{[%clk 0:01:38]} c5 {[%clk 0:01:16]} 23. Nc3 {[%clk 0:01:39]} Nc6
{[%clk 0:01:17]} 24. Nb5 {[%clk 0:01:36]} Qd7 {[%clk 0:01:08]} 25. c4
{[%clk 0:01:36]} Ra6 {[%clk 0:00:58]} 26. Ra3 {[%clk 0:01:19]} Rga8
{[%clk 0:00:56]} 27. Rha1 {[%clk 0:01:09]} Qd8 {[%clk 0:00:50]} 28. Qc3
{[%clk 0:01:03]} Qxh4 {[%clk 0:00:47]} 29. Qe1 {[%clk 0:00:37]} Qd8
{[%clk 0:00:47]} 30. Qh1 {[%clk 0:00:34]} Rxa5 {[%clk 0:00:41]} 31. Rxa5
{[%clk 0:00:32]} Rxa5 {[%clk 0:00:29]} 32. Rxa5 {[%clk 0:00:33]} Nxa5 33. Qh3
{[%clk 0:00:33]} Nc6 {[%clk 0:00:26]} 34. Kf1 {[%clk 0:00:33]} Nd4 35. Nc3 Qe7
{[%clk 0:00:16]} 36. Nd5 Qe6 37. Qh6 {[%clk 0:00:32]} Kg8 {[%clk 0:00:18]} 38.
Qg5 {[%clk 0:00:32]} Kg7 {[%clk 0:00:20]} 39. Kg2 {[%clk 0:00:31]} Nc6
{[%clk 0:00:13]} 40. Qh4 {[%clk 0:00:25]} h6 {[%clk 0:00:12]} 41. Qh1
{[%clk 0:00:24]} Ne7 {[%clk 0:00:11]} 42. Nc7 {[%clk 0:00:23]} Qd7
{[%clk 0:00:12]} 43. Nb5 {[%clk 0:00:25]} g5 {[%clk 0:00:11]} 44. Qa1
{[%clk 0:00:25]} Ng6 {[%clk 0:00:10]} 45. Kf1 {[%clk 0:00:25]} Ne7
{[%clk 0:00:08]} 46. Qa6 Nc8 47. Qa8 {[%clk 0:00:24]} h5 {[%clk 0:00:09]} 48. Qd5
{[%clk 0:00:21]} g4 {[%clk 0:00:10]} 49. fxg4 {[%clk 0:00:22]} hxg4
{[%clk 0:00:11]} 50. d4 {[%clk 0:00:19]} cxd4 {[%clk 0:00:06]} 51. Qa8 Qe6
{[%clk 0:00:04]} 52. Qb7+ {[%clk 0:00:17]} Kg6 {[%clk 0:00:06]} 53. Kg2
{[%clk 0:00:12]} Qxc4 {[%clk 0:00:05]} 54. Qd7 {[%clk 0:00:11]} Kf6
{[%clk 0:00:07]} 55. Qd8+ {[%clk 0:00:12]} Kf7 {[%clk 0:00:05]} 56. Qxc8
{[%clk 0:00:12]} 0-1

[Event "Blitz 2018"]
[Site "Saint-Petersburg"]
[Date "2018.12.30"]
[Round "18"]
[Board "94"]
[White "Pershin Denis (RUS)"]
[Black "Masrahi Abdulrahman A (KSA)"]
[Result "1-0"]
[BlackElo "1966"]
[WhiteElo "2354"]
[LiveChessVersion "1.4.8"]

1. e4 {[%clk 0:03:03]} e5 {[%clk 0:03:03]} 2. Nf3 {[%clk 0:03:05]} Nc6
{[%clk 0:03:05]} 3. Bb5 a6 4. Ba4 {[%clk 0:03:07]} Nf6 {[%clk 0:03:07]} 5. O-O
{[%clk 0:03:08]} Be7 6. Re1 b5 {[%clk 0:03:09]} 7. Bb3 {[%clk 0:03:11]} d6
{[%clk 0:03:10]} 8. a4 {[%clk 0:03:07]} b4 {[%clk 0:03:01]} 9. d4
{[%clk 0:02:56]} Bg4 {[%clk 0:02:38]} 10. dxe5 {[%clk 0:02:36]} Nxe5
{[%clk 0:02:34]} 11. Nbd2 {[%clk 0:02:34]} O-O {[%clk 0:02:32]} 12. h3
{[%clk 0:02:33]} Bh5 {[%clk 0:02:27]} 13. Qe2 {[%clk 0:02:32]} Re8
{[%clk 0:02:14]} 14. Qe3 {[%clk 0:02:32]} c6 {[%clk 0:02:00]} 15. Nxe5
{[%clk 0:02:30]} dxe5 {[%clk 0:01:59]} 16. Nf3 {[%clk 0:02:31]} Qc7
{[%clk 0:01:53]} 17. a5 {[%clk 0:02:23]} Bg6 {[%clk 0:01:42]} 18. Nd2
{[%clk 0:02:03]} h6 {[%clk 0:01:16]} 19. Qg3 {[%clk 0:02:03]} Kh8
{[%clk 0:01:05]} 20. Qf3 {[%clk 0:01:05]} Bc5 {[%clk 0:00:53]} 21. Nc4
{[%clk 0:00:53]} Kh7 {[%clk 0:00:42]} 22. Be3 {[%clk 0:00:30]} Bxe3
{[%clk 0:00:42]} 23. Rxe3 {[%clk 0:00:31]} Rad8 {[%clk 0:00:39]} 24. Rae1
{[%clk 0:00:26]} Rd4 {[%clk 0:00:37]} 25. Nb6 {[%clk 0:00:26]} Red8
{[%clk 0:00:34]} 26. Qe2 {[%clk 0:00:26]} Qb7 {[%clk 0:00:31]} 27. Nc4
{[%clk 0:00:25]} Qc7 {[%clk 0:00:28]} 28. f3 {[%clk 0:00:25]} Nh5
{[%clk 0:00:28]} 29. c3 {[%clk 0:00:16]} bxc3 {[%clk 0:00:24]} 30. bxc3
{[%clk 0:00:17]} R4d7 {[%clk 0:00:24]} 31. Qf2 {[%clk 0:00:06]} Nf4
{[%clk 0:00:23]} 32. Rb1 {[%clk 0:00:07]} f6 {[%clk 0:00:21]} 33. Bc2
{[%clk 0:00:07]} Bf7 {[%clk 0:00:21]} 34. Bb3 {[%clk 0:00:07]} Bxc4
{[%clk 0:00:19]} 35. Bxc4 {[%clk 0:00:08]} Rd2 {[%clk 0:00:20]} 36. Be2
{[%clk 0:00:10]} Qxa5 {[%clk 0:00:19]} 37. Rb7 {[%clk 0:00:10]} Nxe2+
{[%clk 0:00:15]} 38. Rxe2 {[%clk 0:00:12]} Qa1+ {[%clk 0:00:14]} 39. Kh2
{[%clk 0:00:13]} Qxc3 {[%clk 0:00:14]} 40. Rxd2 {[%clk 0:00:12]} Qxd2
{[%clk 0:00:14]} 41. Qa7 {[%clk 0:00:06]} Qf4+ 42. Kg1 Rd1+ {[%clk 0:00:13]} 43.
Kf2 {[%clk 0:00:09]} Qd2+ {[%clk 0:00:12]} 44. Kg3 {[%clk 0:00:10]} Qe1+
{[%clk 0:00:13]} 45. Kh2 {[%clk 0:00:11]} Qe3 {[%clk 0:00:07]} 46. Rxg7+
{[%clk 0:00:11]} Kh8 {[%clk 0:00:07]} 47. Rh7+ {[%clk 0:00:12]} 1-0

[Event "Blitz 2018"]
[Site "Saint-Petersburg"]
[Date "2018.12.30"]
[Round "18"]
[Board "95"]
[White "Gurvich Vitaly (RUS)"]
[Black "Alsulaymi Abdullah M (KSA)"]
[Result "1-0"]
[BlackElo "1833"]
[WhiteElo "2302"]
[LiveChessVersion "1.4.8"]

1. e4 {[%clk 0:03:02]} e5 {[%clk 0:03:02]} 2. Nf3 {[%clk 0:03:03]} Nf6
{[%clk 0:03:04]} 3. Nc3 {[%clk 0:02:57]} Nc6 {[%clk 0:03:05]} 4. d4
{[%clk 0:02:57]} exd4 {[%clk 0:03:05]} 5. Nxd4 {[%clk 0:02:58]} Bb4
{[%clk 0:03:06]} 6. Nxc6 {[%clk 0:02:59]} bxc6 {[%clk 0:03:07]} 7. Bd3
{[%clk 0:02:59]} d5 {[%clk 0:03:08]} 8. exd5 {[%clk 0:03:00]} cxd5
{[%clk 0:03:09]} 9. O-O {[%clk 0:02:59]} O-O {[%clk 0:03:09]} 10. h3
{[%clk 0:02:56]} c6 {[%clk 0:03:10]} 11. Na4 {[%clk 0:02:54]} Rb8
{[%clk 0:03:04]} 12. c3 {[%clk 0:02:52]} Bd6 {[%clk 0:03:02]} 13. Be3
{[%clk 0:02:50]} Re8 {[%clk 0:02:51]} 14. Bxa7 {[%clk 0:02:35]} Ra8
{[%clk 0:02:44]} 15. Bb6 {[%clk 0:02:24]} Qd7 {[%clk 0:02:23]} 16. Bd4
{[%clk 0:02:16]} Qc7 {[%clk 0:02:01]} 17. b4 {[%clk 0:01:53]} Bd7
{[%clk 0:01:51]} 18. Nc5 {[%clk 0:01:48]} Bxc5 {[%clk 0:01:40]} 19. bxc5
{[%clk 0:01:48]} Qf4 {[%clk 0:01:33]} 20. Re1 {[%clk 0:01:30]} Rec8
{[%clk 0:01:27]} 21. a4 {[%clk 0:01:27]} Ne4 {[%clk 0:01:22]} 22. Bxe4
{[%clk 0:00:49]} dxe4 {[%clk 0:01:22]} 23. a5 {[%clk 0:00:46]} Re8
{[%clk 0:01:11]} 24. Qc1 {[%clk 0:00:45]} Qf5 {[%clk 0:01:06]} 25. Re3
{[%clk 0:00:41]} Qg6 {[%clk 0:00:49]} 26. Rg3 {[%clk 0:00:38]} Qh5
{[%clk 0:00:46]} 27. Qf4 {[%clk 0:00:33]} Bc8 1-0

[Event "Blitz 2018"]
[Site "Saint-Petersburg"]
[Date "2018.12.30"]
[Round "18"]
[Board "97"]
[White "Al Turky Fahad A (KSA)"]
[Black "Hirneise Jens (GER)"]
[Result "0-1"]
[BlackElo "2363"]
[WhiteElo "1851"]
[LiveChessVersion "1.4.8"]

1. e4 {[%clk 0:03:02]} c5 {[%clk 0:03:03]} 2. Nf3 {[%clk 0:03:03]} d6
{[%clk 0:03:04]} 3. d4 {[%clk 0:03:00]} cxd4 {[%clk 0:03:05]} 4. Nxd4
{[%clk 0:03:00]} Nf6 {[%clk 0:03:06]} 5. Nc3 {[%clk 0:03:01]} Bd7
{[%clk 0:03:06]} 6. Be2 {[%clk 0:02:54]} e5 {[%clk 0:02:51]} 7. Nf3
{[%clk 0:02:47]} Bc6 {[%clk 0:02:49]} 8. Bg5 {[%clk 0:02:37]} Be7
{[%clk 0:02:48]} 9. Bd3 {[%clk 0:02:29]} Nbd7 {[%clk 0:02:48]} 10. O-O
{[%clk 0:02:28]} O-O {[%clk 0:02:47]} 11. Re1 {[%clk 0:02:23]} a6
{[%clk 0:02:45]} 12. a4 {[%clk 0:02:22]} h6 {[%clk 0:02:40]} 13. Bh4 Nc5
{[%clk 0:02:29]} 14. Bxf6 {[%clk 0:01:57]} Bxf6 {[%clk 0:02:29]} 15. Nd5
{[%clk 0:01:55]} Bxd5 {[%clk 0:02:26]} 16. exd5 {[%clk 0:01:49]} Re8
{[%clk 0:02:19]} 17. Bc4 {[%clk 0:01:48]} Qb6 {[%clk 0:02:15]} 18. b3
{[%clk 0:01:17]} e4 {[%clk 0:01:54]} 19. Nd4 {[%clk 0:01:17]} Nxa4
{[%clk 0:01:38]} 20. Rxa4 {[%clk 0:00:56]} Bxd4 {[%clk 0:01:37]} 21. Re2
{[%clk 0:00:52]} Re5 {[%clk 0:01:29]} 22. Ra2 {[%clk 0:00:36]} Rae8
{[%clk 0:01:28]} 23. Qd2 {[%clk 0:00:32]} Bxf2+ {[%clk 0:01:23]} 24. Kh1
{[%clk 0:00:32]} e3 {[%clk 0:01:13]} 25. Qd3 {[%clk 0:00:32]} Qd8
{[%clk 0:01:11]} 26. Ra1 {[%clk 0:00:29]} b5 {[%clk 0:01:10]} 27. Bxb5
{[%clk 0:00:27]} axb5 {[%clk 0:01:11]} 28. Qxb5 {[%clk 0:00:28]} Qg5
{[%clk 0:01:01]} 29. Ra7 {[%clk 0:00:25]} Qh5 {[%clk 0:00:53]} 30. h3
{[%clk 0:00:22]} f5 {[%clk 0:00:48]} 31. Qb7 {[%clk 0:00:19]} R5e7
{[%clk 0:00:45]} 32. Qb6 {[%clk 0:00:18]} Rxa7 {[%clk 0:00:40]} 33. Qxa7
{[%clk 0:00:18]} Qxe2 {[%clk 0:00:39]} 0-1

[Event "Blitz 2018"]
[Site "Saint-Petersburg"]
[Date "2018.12.30"]
[Round "18"]
[Board "98"]
[White "Makoveev Ilya (RUS)"]
[Black "Khayat Abdullah F (KSA)"]
[Result "1-0"]
[BlackElo "1709"]
[WhiteElo "2243"]
[LiveChessVersion "1.4.8"]

1. e4 {[%clk 0:03:03]} d5 {[%clk 0:03:02]} 2. exd5 {[%clk 0:03:02]} Nf6
{[%clk 0:03:03]} 3. Bb5+ {[%clk 0:03:03]} Bd7 {[%clk 0:03:02]} 4. Be2
{[%clk 0:03:03]} Nxd5 {[%clk 0:03:02]} 5. d4 {[%clk 0:03:04]} c5 {[%clk 0:02:57]}
6. c4 {[%clk 0:02:47]} Nf6 {[%clk 0:02:54]} 7. d5 {[%clk 0:02:41]} e6
{[%clk 0:02:41]} 8. Nf3 {[%clk 0:02:42]} exd5 {[%clk 0:02:38]} 9. cxd5
{[%clk 0:02:41]} Bd6 {[%clk 0:02:35]} 10. O-O {[%clk 0:02:40]} O-O
{[%clk 0:02:35]} 11. Nc3 {[%clk 0:02:36]} a6 {[%clk 0:02:31]} 12. a4
{[%clk 0:02:37]} Bg4 {[%clk 0:02:25]} 13. Nd2 {[%clk 0:01:30]} Bxe2
{[%clk 0:02:16]} 14. Qxe2 {[%clk 0:01:31]} Re8 {[%clk 0:02:16]} 15. Qd1
{[%clk 0:01:13]} Qc7 {[%clk 0:02:16]} 16. h3 {[%clk 0:01:07]} Nbd7
{[%clk 0:02:16]} 17. Nc4 {[%clk 0:01:06]} Nb6 {[%clk 0:01:28]} 18. Ne3
{[%clk 0:00:54]} Rad8 {[%clk 0:01:21]} 19. a5 {[%clk 0:00:50]} Nbd7
{[%clk 0:01:17]} 20. Nc4 {[%clk 0:00:35]} h6 {[%clk 0:01:01]} 21. f4
{[%clk 0:00:30]} Ne4 {[%clk 0:00:42]} 22. Nxe4 {[%clk 0:00:03]} Rxe4
{[%clk 0:00:40]} 23. Qc2 {[%clk 0:00:05]} Rde8 {[%clk 0:00:37]} 24. Bd2
{[%clk 0:00:04]} Re2 {[%clk 0:00:32]} 25. Qd3 {[%clk 0:00:04]} Nf6
{[%clk 0:00:22]} 26. Rae1 {[%clk 0:00:03]} Rxe1 {[%clk 0:00:19]} 27. Rxe1 Rxe1+
{[%clk 0:00:18]} 28. Bxe1 {[%clk 0:00:06]} Bxf4 {[%clk 0:00:16]} 29. Bc3
{[%clk 0:00:07]} Bd6 {[%clk 0:00:08]} 30. Bxf6 {[%clk 0:00:06]} gxf6
{[%clk 0:00:08]} 31. Qe3 {[%clk 0:00:05]} Be5 {[%clk 0:00:08]} 32. Qe2
{[%clk 0:00:03]} Bd4+ {[%clk 0:00:06]} 33. Kh1 {[%clk 0:00:04]} Kg7
{[%clk 0:00:04]} 34. Qg4+ {[%clk 0:00:05]} Kf8 {[%clk 0:00:05]} 35. b3
{[%clk 0:00:05]} Be5 {[%clk 0:00:05]} 36. Qh4 {[%clk 0:00:05]} Kg7
{[%clk 0:00:05]} 37. Qg4+ {[%clk 0:00:06]} Kf8 {[%clk 0:00:05]} 38. Qf3
{[%clk 0:00:07]} Kg7 {[%clk 0:00:06]} 39. Qe3 {[%clk 0:00:07]} Bd6
{[%clk 0:00:07]} 40. Qe4 {[%clk 0:00:05]} Be5 {[%clk 0:00:07]} 41. Qd3
{[%clk 0:00:03]} Bd6 {[%clk 0:00:07]} 42. Ne3 {[%clk 0:00:03]} Qxa5
{[%clk 0:00:07]} 43. Nf5+ {[%clk 0:00:05]} Kf8 {[%clk 0:00:07]} 44. Nxd6
{[%clk 0:00:05]} Qa1+ {[%clk 0:00:07]} 45. Kh2 {[%clk 0:00:06]} Qe5+
{[%clk 0:00:08]} 46. Qg3 {[%clk 0:00:08]} Ke7 {[%clk 0:00:06]} 47. Nc8+
{[%clk 0:00:05]} Kd7 {[%clk 0:00:06]} 48. Nb6+ {[%clk 0:00:06]} Kc7
{[%clk 0:00:07]} 49. Nc4 {[%clk 0:00:07]} Qxg3+ {[%clk 0:00:06]} 50. Kxg3
{[%clk 0:00:08]} b5 {[%clk 0:00:07]} 51. Ne3 {[%clk 0:00:08]} Kd6 52. Kf4 a5
{[%clk 0:00:08]} 53. Ke4 {[%clk 0:00:11]} a4 {[%clk 0:00:09]} 54. bxa4
{[%clk 0:00:12]} bxa4 {[%clk 0:00:10]} 55. Nc4+ {[%clk 0:00:13]} Kc7
{[%clk 0:00:11]} 56. Kd3 {[%clk 0:00:14]} f5 {[%clk 0:00:11]} 57. Kc3
{[%clk 0:00:14]} Kd7 {[%clk 0:00:11]} 58. Kb2 {[%clk 0:00:15]} Ke7
{[%clk 0:00:11]} 59. Ka3 {[%clk 0:00:15]} f4 {[%clk 0:00:12]} 60. Kxa4
{[%clk 0:00:16]} f5 {[%clk 0:00:11]} 61. Kb5 1-0

[Event "Blitz 2018"]
[Site "Saint-Petersburg"]
[Date "2018.12.30"]
[Round "19"]
[Board "4"]
[White "Zubov Alexander (UKR)"]
[Black "Svidler Peter (RUS)"]
[Result "0-1"]
[BlackElo "2770"]
[WhiteElo "2729"]
[LiveChessVersion "1.4.8"]

1. d4 {[%clk 0:03:03]} Nf6 {[%clk 0:03:03]} 2. Nf3 {[%clk 0:03:00]} g6
{[%clk 0:03:04]} 3. c4 {[%clk 0:03:00]} Bg7 {[%clk 0:03:05]} 4. Nc3
{[%clk 0:03:01]} d5 {[%clk 0:03:06]} 5. e3 {[%clk 0:03:02]} O-O {[%clk 0:03:06]}
6. Qb3 {[%clk 0:03:02]} e6 {[%clk 0:02:55]} 7. Be2 {[%clk 0:03:02]} dxc4
{[%clk 0:02:44]} 8. Bxc4 {[%clk 0:02:58]} Nbd7 {[%clk 0:02:42]} 9. O-O
{[%clk 0:02:35]} b6 {[%clk 0:02:35]} 10. e4 {[%clk 0:02:28]} Bb7 {[%clk 0:02:35]}
11. Re1 {[%clk 0:02:22]} a6 {[%clk 0:02:32]} 12. Bg5 {[%clk 0:02:01]} h6
{[%clk 0:02:27]} 13. Bh4 {[%clk 0:02:02]} g5 {[%clk 0:02:21]} 14. Bg3
{[%clk 0:02:02]} Nh5 {[%clk 0:02:11]} 15. Rad1 {[%clk 0:02:01]} Nxg3
{[%clk 0:02:08]} 16. hxg3 {[%clk 0:02:02]} Qe7 {[%clk 0:02:06]} 17. Qc2
{[%clk 0:01:57]} Rfd8 {[%clk 0:02:06]} 18. a3 {[%clk 0:01:53]} b5
{[%clk 0:02:05]} 19. Ba2 {[%clk 0:01:53]} c5 {[%clk 0:02:03]} 20. d5
{[%clk 0:01:52]} c4 {[%clk 0:02:04]} 21. Bb1 {[%clk 0:01:36]} Nf8
{[%clk 0:01:54]} 22. g4 {[%clk 0:01:27]} Rac8 {[%clk 0:01:51]} 23. Qe2
{[%clk 0:00:57]} exd5 {[%clk 0:01:40]} 24. e5 {[%clk 0:00:57]} Ne6
{[%clk 0:01:35]} 25. Nd4 {[%clk 0:00:26]} Nxd4 {[%clk 0:01:22]} 26. Rxd4
{[%clk 0:00:27]} Re8 {[%clk 0:01:23]} 27. Qc2 {[%clk 0:00:19]} Qc5
{[%clk 0:01:24]} 28. Red1 {[%clk 0:00:14]} Rxe5 {[%clk 0:01:23]} 29. Qh7+
{[%clk 0:00:10]} Kf8 {[%clk 0:01:25]} 30. Kh2 {[%clk 0:00:08]} Rce8
{[%clk 0:01:22]} 31. f4 {[%clk 0:00:08]} Re1 {[%clk 0:01:20]} 32. fxg5
{[%clk 0:00:06]} Bxd4 {[%clk 0:01:18]} 33. g6 {[%clk 0:00:04]} Be5+
{[%clk 0:01:17]} 34. g3 {[%clk 0:00:03]} Qf2+ {[%clk 0:01:18]} 0-1

[Event "Blitz 2018"]
[Site "Saint-Petersburg"]
[Date "2018.12.30"]
[Round "19"]
[Board "5"]
[White "Grischuk Alexander (RUS)"]
[Black "Nepomniachtchi Ian (RUS)"]
[Result "0-1"]
[LiveChessVersion "1.4.8"]
[BlackElo "2846"]
[WhiteElo "2825"]

1. Nf3 {[%clk 0:03:02]} d5 {[%clk 0:03:04]} 2. g3 {[%clk 0:03:03]} g6
{[%clk 0:03:05]} 3. c4 {[%clk 0:03:00]} dxc4 {[%clk 0:03:06]} 4. Na3
{[%clk 0:03:01]} Bg7 {[%clk 0:03:05]} 5. Nxc4 {[%clk 0:03:01]} Nc6
{[%clk 0:03:07]} 6. d3 {[%clk 0:03:02]} e5 {[%clk 0:03:07]} 7. Bd2
{[%clk 0:03:03]} Nge7 {[%clk 0:03:07]} 8. h4 {[%clk 0:03:04]} h6 {[%clk 0:03:07]}
9. Bc3 {[%clk 0:03:00]} f6 {[%clk 0:03:00]} 10. Ne3 {[%clk 0:02:29]} Be6
{[%clk 0:02:58]} 11. h5 {[%clk 0:02:13]} g5 {[%clk 0:02:59]} 12. g4
{[%clk 0:02:14]} Qd7 {[%clk 0:03:00]} 13. Nd2 {[%clk 0:02:00]} Nd5
{[%clk 0:02:53]} 14. Nxd5 {[%clk 0:02:00]} Bxd5 {[%clk 0:02:54]} 15. Ne4
{[%clk 0:01:49]} O-O-O {[%clk 0:02:26]} 16. Qa4 {[%clk 0:01:48]} Kb8
{[%clk 0:02:26]} 17. Bh3 {[%clk 0:01:25]} Rhe8 {[%clk 0:02:16]} 18. Rc1
{[%clk 0:01:25]} Qf7 19. O-O {[%clk 0:01:10]} Bf8 {[%clk 0:02:15]} 20. Bg2
{[%clk 0:00:54]} f5 {[%clk 0:02:11]} 21. gxf5 {[%clk 0:00:55]} Qxf5
{[%clk 0:02:13]} 22. Ng3 {[%clk 0:00:54]} Qf7 {[%clk 0:02:13]} 23. Bxd5
{[%clk 0:00:54]} Rxd5 {[%clk 0:02:13]} 24. Qg4 {[%clk 0:00:51]} Bc5
{[%clk 0:02:07]} 25. Ne4 {[%clk 0:00:42]} Bb6 {[%clk 0:02:06]} 26. Kg2
{[%clk 0:00:43]} Nd8 {[%clk 0:02:01]} 27. Rh1 {[%clk 0:00:35]} Ne6
{[%clk 0:02:02]} 28. Bd2 {[%clk 0:00:36]} Rf8 {[%clk 0:01:58]} 29. Be3
{[%clk 0:00:25]} Qe8 {[%clk 0:01:53]} 30. a3 {[%clk 0:00:24]} Bd4
{[%clk 0:01:42]} 31. b4 {[%clk 0:00:22]} Rd7 {[%clk 0:01:30]} 32. Rcf1
{[%clk 0:00:20]} Rdf7 {[%clk 0:01:31]} 33. Bc1 {[%clk 0:00:20]} Qc6
{[%clk 0:01:29]} 34. e3 {[%clk 0:00:14]} Bb6 {[%clk 0:01:29]} 35. Qe2
{[%clk 0:00:10]} Rd8 {[%clk 0:01:29]} 36. Rd1 {[%clk 0:00:08]} a6
{[%clk 0:01:30]} 37. Rhf1 {[%clk 0:00:09]} Qe8 {[%clk 0:01:30]} 38. Bb2
{[%clk 0:00:10]} Ng7 {[%clk 0:01:31]} 39. Ng3 {[%clk 0:00:10]} Qc6+
{[%clk 0:01:28]} 40. Ne4 {[%clk 0:00:04]} Nf5 {[%clk 0:01:26]} 41. Bxe5
{[%clk 0:00:03]} Nh4+ {[%clk 0:01:27]} 42. Kh1 {[%clk 0:00:04]} Qe6
{[%clk 0:01:26]} 43. Bh2 {[%clk 0:00:05]} Nf3 {[%clk 0:01:19]} 44. Nd2
{[%clk 0:00:06]} g4 {[%clk 0:00:59]} 45. Nxf3 {[%clk 0:00:07]} gxf3
{[%clk 0:01:00]} 46. Qc2 {[%clk 0:00:07]} Rd5 {[%clk 0:00:49]} 47. Qc4
{[%clk 0:00:06]} Qd7 {[%clk 0:00:50]} 48. Qh4 {[%clk 0:00:04]} Rff5
{[%clk 0:00:50]} 49. Qg4 {[%clk 0:00:05]} Qe7 {[%clk 0:00:22]} 50. e4
{[%clk 0:00:05]} Rg5 {[%clk 0:00:18]} 51. Qxf3 {[%clk 0:00:06]} Rd8
{[%clk 0:00:19]} 52. Qe2 {[%clk 0:00:05]} Qf7 {[%clk 0:00:19]} 53. f4
{[%clk 0:00:06]} Rxh5 {[%clk 0:00:20]} 54. Rd2 {[%clk 0:00:06]} Rg8
{[%clk 0:00:21]} 55. Qf3 {[%clk 0:00:07]} Rd8 {[%clk 0:00:13]} 56. Rg2
{[%clk 0:00:08]} a5 {[%clk 0:00:14]} 57. f5 {[%clk 0:00:09]} Rg5 {[%clk 0:00:12]}
58. e5 {[%clk 0:00:07]} Rxg2 59. Qxg2 {[%clk 0:00:09]} Rxd3 {[%clk 0:00:13]} 60.
e6 {[%clk 0:00:09]} Qf6 {[%clk 0:00:14]} 61. Qe4 {[%clk 0:00:10]} Re3
{[%clk 0:00:14]} 62. Qd5 {[%clk 0:00:08]} a4 {[%clk 0:00:13]} 63. Qb5
{[%clk 0:00:05]} Qd4 {[%clk 0:00:12]} 64. Qe8+ {[%clk 0:00:06]} Ka7
{[%clk 0:00:13]} 65. Qxa4+ {[%clk 0:00:07]} Kb8 {[%clk 0:00:14]} 66. Qe8+ Ka7 67.
Qa4+ Kb8 68. Qc2 {[%clk 0:00:10]} Rd3 {[%clk 0:00:15]} 69. f6 {[%clk 0:00:08]}
Rd2 {[%clk 0:00:14]} 70. Qf5 {[%clk 0:00:09]} Qh4 {[%clk 0:00:10]} 71. Qe5
{[%clk 0:00:04]} Qh3 {[%clk 0:00:09]} 72. Rg1 {[%clk 0:00:05]} Qf3+
{[%clk 0:00:10]} 73. Qf5 0-1